Statistics for Scotland Six Nations Squad 2023

Click here to take the quiz!

General Stats

  • This quiz has been taken 7 times
  • The average score is 19 of 41

Answer Stats

HintAnswer% Correct
Full-Back - Exeter ChiefsStuart Hogg
86%
Full-Back/ Winger - Edinburgh RugbyBlair Kinghorn
71%
Fly-Half - Racing 92Finn Russell
71%
Hooker - Glasgow WarriorsGeorge Turner
71%
Centre - Glasgow WarriorsHuw Jones
71%
Back Row - Glasgow WarriorsMatt Fagerson
71%
Prop - Glasgow WarriorsZander Fagerson
71%
Scrum-Half - Glasgow WarriorsAli Price
57%
Fly-Half - MunsterBen Healy
57%
Winger/ Full-Back - Edinburgh RugbyDuhan Van Der Merwe
57%
Scrum-Half - Glasgow WarriorsGeorge Horne
57%
Back Row - Edinburgh RugbyJamie Ritchie
57%
Centre/ Winger - Glasgow WarriorsKyle Steyn
57%
Prop - Edinburgh RugbyPierre Schoeman
57%
Scrum-Half - London IrishBen White
43%
Centre - Bath RugbyCameron Redpath
43%
Gloucester RugbyChris Harris
43%
Hooker - Sale SharksEwan Ashman
43%
Hooker - Glasgow WarriorsFraser Brown
43%
Second Row - Edinburgh RugbyGrant Gilchrist
43%
ManagerGregor Townsend
43%
Back Row - Edinburgh RugbyHamish Watson
43%
Prop - Glasgow WarriorsJamie Bhatti
43%
Second Row - Exeter ChiefsJonny Gray
43%
Back Row - Edinburgh RugbyLuke Crosbie
43%
Full-Back/ Centre - Glasgow WarriorsOllie Smith
43%
Second Row - Glasgow WarriorsRichie Gray
43%
Prop - UlsterRory Sutherland
43%
Second/ Back Row - Edinburgh RugbySam Skinner
43%
Centre - Glasgow WarriorsSione Tuipulotu
43%
Prop - Edinburgh RugbyWP Nel
43%
Back Row - SaracensAndy Christie
29%
Second Row - Leicester TigersCameron Henderson
29%
Hooker - Edinburgh RugbyDave Cherry
29%
Prop - ScarletsJavan Sebastian
29%
Back Row - Bath RugbyJosh Bayliss
29%
Winger - SaracensSean Maitland
29%
Winger - Bath RugbyRuaridh McConnochie
14%
Prop - Glasgow WarriorsSimon Berghan
14%
Centre - Glasgow WarriorsStafford McDowell
14%
Back Row - Glasgow WarriorsJack Dembsey
0%

Score Distribution

Percentile by Number Answered

Percent of People with Each Score

Your Score History

You have not taken this quiz